Convocatoria Selección Española Femenina - Juegos Olímpicos 2024 - Estadísticas

Estadísticas generales
  • Esta prueba ha sido intentada 65 veces
  • La puntuación promedio es 17 de 22
Estadísticas de respuestas
Dorsal Posición Jugadora % Correcto
6 MED Aitana Bonmatí
94%
11 MED Alexia Putellas
94%
4 DEF Irene Paredes
94%
18 DEF Olga Carmona
94%
10 DEL Jenni Hermoso
91%
9 DEL Salma Paralluelo
91%
7 DEL Athenea del Castillo
89%
3 MED Teresa Abelleira
89%
13 POR Cata Coll
87%
1 POR Misa Rodríguez
85%
2 DEF Ona Batlle
74%
12 MED Patri Guijarro
74%
14 DEF Laia Aleixandri
70%
8 DEL Mariona Caldentey
70%
21 DEL Alba Redondo
68%
16 DEF Laia Codina
68%
5 DEF Oihane Hernández
68%
15 DEL Eva Navarro
64%
19 DEL Vicky López
64%
17 DEL Lucía García
60%
22 POR Elene Lete
49%
20 DEF María Méndez
40%
No se encontraron pruebas coincidentes
Distribución de puntuación
Porcentaje de gente con cada puntuación
Porcentaje por número respondido
Historial de tus puntuaciones
No has intentado esta prueba.